000 00447nam a2200169Ia 4500
003 GCL
008 140319s9999 xx 000 0 eng d
040 _aGCL /
_cGCL
082 0 4 _a792.8
_bL D
100 1 _aLANSDALE - ADSHEAD, JANE
245 1 0 _aDANCE HISTORY : AN INTRDUCTION /
_cLANSDALE - ADSHEAD, JANE
260 _a[S.N] :
_bROUTLEDGE ،
_c1995
300 _a289
650 0 4 _aDANCE - HISTORY
650 0 4 _aMODERN DANCE
942 _2ddc
_cBK
999 _c10420
_d10420